000 02061cam a2200385ua 4500
001 4457667
003 ARRUPE
005 20150218140238.0
008 861023s1986 mdu b 100 0 eng
010 _a86007787
020 _a0819153575 (alk. paper) :
020 _a0819153583 (pbk. : alk. paper) :
035 _a(OCoLC)13394671
035 _a(OCoLC)ocm13394671
035 _a(NNC)4457667
040 _cARRUPE
050 0 _aBD511
_b.B47 1986
090 _aBD511
_b.B47 1986
245 0 0 _aBeyond mechanism :
_bthe universe in recent physics and Catholic thought /
_cedited by David L. Schindler ; contributors, David Bohm ... [et al.].
260 _aLanham :
_bUniversity Press of America,
_cc1986.
300 _ax, 156 p. ;
_c23 cm.
500 _aThe present collection has its origin in a conference sponsored by the North American edition of Communio International Catholic review, held at the University of Notre Dame, 1984.
504 _aIncludes bibliographies.
505 0 _aIntroduction : the problem of mechanism / David L. Schindler -- The implicate order : a new approach to the nature of reality / David Bohm -- Bohm's challenge to faith in our time / John B. Cobb, Jr. -- Man and the meaning of the whole / Frederick J. Crosson -- Cosmic and human evolution in theological perspective / John H. Wright -- The implicate world : God's oneness with mankind as a mediated immediacy / William J. Hill -- Temporal integrity, eternity, and the implicate order / Kenneth L. Schmitz -- Comments on the papers / David Bohm -- Hidden variables and the implicate order / David Bohm.
600 1 0 _aBohm, David,
_d1917-1992
_vCongresses.
_915347
650 0 _aCosmology
_vCongresses.
_915348
650 0 _aPhysics
_vCongresses.
_915349
650 0 _aMechanism (Philosophy)
_vCongresses.
_915350
650 0 _aReligion and science
_vCongresses.
_915351
700 1 _aSchindler, David L.,
_d1943-
_915352
700 1 _aBohm, David,
_d1917-1992.
_913878
730 0 _aCommunio (Spokane, Wash.)
_915353
942 _2lcc
_cMONOGRAPH
999 _c122117
_d122117